Statistics for Countries by Previous Country Alphabetically in 90 Seconds

Click here to take the quiz!

General Stats

  • This quiz has been taken 413 times
  • The average score is 36 of 196

Answers on the Map

Answers color-coded by a green-red scale on the quiz's map according to % correct below.
 

Answer Stats

Country% Correct
Rwanda
79%
Cape Verde
76%
Uruguay
75%
Brunei
69%
Colombia
69%
United States
69%
Moldova
60%
Austria
55%
Sri Lanka
55%
Switzerland
54%
Gabon
53%
Indonesia
52%
France
48%
China
47%
Oman
47%
Armenia
45%
Jordan
45%
United Arab Emirates
45%
Qatar
42%
Ghana
41%
Jamaica
40%
Andorra
39%
India
38%
Israel
38%
Djibouti
37%
Philippines
36%
Denmark
32%
Iraq
32%
Montenegro
32%
Chile
31%
El Salvador
31%
Malta
31%
Pakistan
30%
Zambia
30%
Albania
29%
Azerbaijan
29%
Ireland
28%
Liechtenstein
28%
Comoros
27%
Romania
27%
Turkmenistan
26%
Uzbekistan
26%
Iran
25%
South Korea
25%
South Sudan
25%
Suriname
25%
Algeria
24%
Nigeria
24%
Papua New Guinea
24%
Portugal
24%
Bosnia and
Herzegovina
23%
Cyprus
23%
Egypt
23%
Peru
23%
Antigua and Barbuda
22%
Nicaragua
22%
Russia
22%
Latvia
21%
Senegal
21%
Vietnam
21%
Zimbabwe
21%
Ethiopia
20%
Grenada
20%
Mozambique
20%
Yemen
20%
Finland
19%
Honduras
19%
Tonga
19%
Belize
18%
Kenya
18%
North Korea
18%
Panama
18%
Trinidad and Tobago
18%
Malawi
17%
Norway
17%
Palau
17%
Togo
17%
Angola
16%
Belgium
16%
Lebanon
16%
South Africa
16%
Turkey
16%
Afghanistan
15%
Bahrain
15%
Benin
15%
Bhutan
15%
Nepal
15%
Australia
14%
Chad
14%
Guinea
14%
Italy
14%
Republic of the Congo
14%
San Marino
14%
Cote d'Ivoire
13%
Federated States of
Micronesia
13%
Greece
13%
Haiti
13%
Hungary
13%
Luxembourg
13%
Netherlands
13%
New Zealand
13%
Spain
13%
Swaziland
13%
Uganda
13%
Guinea-Bissau
12%
Tajikistan
12%
Bangladesh
11%
Bolivia
11%
Burkina Faso
11%
Cameroon
11%
Dominican Republic
11%
Kazakhstan
11%
Liberia
11%
Maldives
11%
Mongolia
11%
Namibia
11%
Nauru
11%
Niger
11%
Seychelles
11%
Vatican City
11%
Bahamas
10%
Gambia
10%
Japan
10%
Kosovo
10%
Lesotho
10%
Libya
10%
Malaysia
10%
Marshall Islands
10%
Mauritius
10%
Poland
10%
Sudan
10%
Taiwan
10%
Georgia
9%
Kiribati
9%
Kuwait
9%
Syria
9%
Vanuatu
9%
Argentina
8%
Barbados
8%
Belarus
8%
Bulgaria
8%
Canada
8%
Iceland
8%
Kyrgyzstan
8%
Monaco
8%
Saint Kitts and Nevis
8%
Saint Vincent and the
Grenadines
8%
Ukraine
8%
Venezuela
8%
Czech Republic
7%
Democratic Republic
of the Congo
7%
East Timor
7%
Equatorial Guinea
7%
Saint Lucia
7%
Serbia
7%
Slovenia
7%
Solomon Islands
7%
Botswana
6%
Brazil
6%
Central African Republic
6%
Costa Rica
6%
Cuba
6%
Dominica
6%
Estonia
6%
Germany
6%
Guyana
6%
Macedonia
6%
Mali
6%
Myanmar
6%
Samoa
6%
Slovakia
6%
Sweden
6%
Thailand
6%
Cambodia
5%
Fiji
5%
Lithuania
5%
Morocco
5%
Paraguay
5%
Tunisia
5%
Tuvalu
5%
Burundi
4%
Ecuador
4%
Guatemala
4%
Laos
4%
Madagascar
4%
Mexico
4%
São Tomé and Príncipe
4%
Sierra Leone
4%
Tanzania
4%
Croatia
3%
Mauritania
3%
Saudi Arabia
3%
Singapore
3%
Eritrea
2%
Somalia
2%
United Kingdom
0%

Score Distribution

Percentile by Number Answered

Percent of People with Each Score

Your Score History

You have not taken this quiz